| 000 | 00366nam a2200145Ia 4500 | ||
|---|---|---|---|
| 005 | 20251222143156.0 | ||
| 008 | 251222s9999||||xx |||||||||||||| ||spa|| | ||
| 020 | _a9788416004768 | ||
| 082 | _a616.07/M28/2015 | ||
| 100 | _aMattson Porth, Carol | ||
| 245 | 0 | _aFundamentos de Fisiopatología | |
| 250 | _a4ta.ed. | ||
| 264 | _bWolters Kluwer Health | ||
| 942 | _cLIB | ||
| 999 |
_c12890 _d12890 |
||